000 00316nam a22001457a 4500
008 230515b ||||| |||| 00| 0 eng d
020 _a0878722548
041 _aeng
080 _a34
082 _a34ROS
100 _a30
101 _aJURE
245 _aFUNDAMENTALS OF BIOSTATISTICS
_cROSNER.B
942 _2udc
_cBK
999 _c59724
_d59724